<?xml version="1.0" encoding="UTF-8"?>
<record
    xmlns:xsi="http://www.w3.org/2001/XMLSchema-instance"
    xsi:schemaLocation="http://www.loc.gov/MARC21/slim http://www.loc.gov/standards/marcxml/schema/MARC21slim.xsd"
    xmlns="http://www.loc.gov/MARC21/slim">

  <leader>01036nam a2200253 u 4500</leader>
  <controlfield tag="001">000062957</controlfield>
  <controlfield tag="005">20200120224306.0</controlfield>
  <controlfield tag="008">140802s2011    ck     gr|    000 0 spa d</controlfield>
  <datafield tag="041" ind1="0" ind2=" ">
    <subfield code="a">Yspa</subfield>
  </datafield>
  <datafield tag="043" ind1=" " ind2=" ">
    <subfield code="a">c-k----</subfield>
  </datafield>
  <datafield tag="082" ind1="0" ind2="4">
    <subfield code="a">305.8</subfield>
    <subfield code="b">T82</subfield>
    <subfield code="2">21</subfield>
  </datafield>
  <datafield tag="245" ind1="1" ind2="0">
    <subfield code="a">TV &#xC9;tnica</subfield>
    <subfield code="h">[videograbaci&#xF3;n]</subfield>
  </datafield>
  <datafield tag="260" ind1=" " ind2=" ">
    <subfield code="a">Bogot&#xE1; :</subfield>
    <subfield code="b">Ministerio de Cultura,</subfield>
    <subfield code="c">[2011?].</subfield>
  </datafield>
  <datafield tag="300" ind1=" " ind2=" ">
    <subfield code="a">2 DVD :</subfield>
    <subfield code="b">son., col, ;</subfield>
    <subfield code="e">12 CM.</subfield>
  </datafield>
  <datafield tag="490" ind1=" " ind2="0">
    <subfield code="a">la ventana</subfield>
    <subfield code="p">Cultura para ver</subfield>
  </datafield>
  <datafield tag="500" ind1=" " ind2=" ">
    <subfield code="a">Incluye &#xED;ndice</subfield>
  </datafield>
  <datafield tag="505" ind1="0" ind2=" ">
    <subfield code="g">DVD 1: Cap.1- El baile de los muertos ; cap.2- Tras la huella de los mokan&#xE1; ; cap. 3- Letterfrom sea-- DVD 2: Cap.4- Hilando el pensamiento ; cap.5- Hijos de la madre tierra ; cap.6- Ma&#xED;z, gestor de libertad.</subfield>
  </datafield>
  <datafield tag="650" ind1="1" ind2="7">
    <subfield code="a">Identidad &#xE9;tnica</subfield>
    <subfield code="2">LEMB</subfield>
  </datafield>
  <datafield tag="650" ind1="2" ind2="7">
    <subfield code="a">Emisiones por televisi&#xF3;n</subfield>
    <subfield code="x">etnicidad</subfield>
    <subfield code="2">LEMB</subfield>
  </datafield>
  <datafield tag="650" ind1="2" ind2="7">
    <subfield code="a">Televisi&#xF3;n</subfield>
    <subfield code="x">difusi&#xF3;n</subfield>
    <subfield code="x">etnicidad</subfield>
    <subfield code="2">LEMB</subfield>
  </datafield>
  <datafield tag="650" ind1="2" ind2="7">
    <subfield code="a">Televisi&#xF3;n</subfield>
    <subfield code="x">razas nativas</subfield>
    <subfield code="x">etnicidad</subfield>
    <subfield code="2">LEMB</subfield>
  </datafield>
  <datafield tag="650" ind1="2" ind2="7">
    <subfield code="a">Televisi&#xF3;n</subfield>
    <subfield code="x">razas abor&#xED;genes</subfield>
    <subfield code="x">etnicidad</subfield>
    <subfield code="2">LEMB</subfield>
  </datafield>
  <datafield tag="740" ind1="0" ind2=" ">
    <subfield code="a">Gu&#xED;a de contenidos - Ver No. topogr&#xE1;fico 0216 G84</subfield>
  </datafield>
  <datafield tag="999" ind1=" " ind2=" ">
    <subfield code="c">8837</subfield>
    <subfield code="d">8837</subfield>
  </datafield>
  <datafield tag="952" ind1=" " ind2=" ">
    <subfield code="0">0</subfield>
    <subfield code="1">0</subfield>
    <subfield code="2">ddc</subfield>
    <subfield code="4">0</subfield>
    <subfield code="7">0</subfield>
    <subfield code="8">MUL</subfield>
    <subfield code="a">BPMOS</subfield>
    <subfield code="b">BPMOS</subfield>
    <subfield code="d">2020-01-20</subfield>
    <subfield code="i">113945</subfield>
    <subfield code="l">0</subfield>
    <subfield code="o">305.8 T82</subfield>
    <subfield code="p">MOS015116</subfield>
    <subfield code="r">2021-01-05</subfield>
    <subfield code="t">dvd.1 ej.1</subfield>
    <subfield code="w">2020-01-20</subfield>
    <subfield code="y">DVD</subfield>
    <subfield code="z">Tres d&#xED;as-Hemeroteca-Bib.Elec</subfield>
  </datafield>
  <datafield tag="952" ind1=" " ind2=" ">
    <subfield code="0">0</subfield>
    <subfield code="1">0</subfield>
    <subfield code="2">ddc</subfield>
    <subfield code="4">0</subfield>
    <subfield code="7">0</subfield>
    <subfield code="8">MUL</subfield>
    <subfield code="a">BPMOS</subfield>
    <subfield code="b">BPMOS</subfield>
    <subfield code="d">2020-01-20</subfield>
    <subfield code="i">113946</subfield>
    <subfield code="l">0</subfield>
    <subfield code="o">305.8 T82</subfield>
    <subfield code="p">MOS015117</subfield>
    <subfield code="r">2021-01-05</subfield>
    <subfield code="t">dvd.2 ej.1</subfield>
    <subfield code="w">2020-01-20</subfield>
    <subfield code="y">DVD</subfield>
    <subfield code="z">Tres d&#xED;as-Hemeroteca-Bib.Elec</subfield>
  </datafield>
</record>
